000
00256nam a22000857a 4500
008
160705b xxu||||| |||| 00| 0 eng d
100
_9
2286
_a
Scholastic Book
245
_a
Scholastic Dictionary of American English
260
_a
USA
_b
Scholastic Book Service
_c
1962
999
_c
1968
_d
1968